[Event "GBR-ch106 Senior Over 50"]
[Site "Torquay"]
[Date "2019.07.31"]
[Round "3.10"]
[White "Gibbs, Daniel C"]
[Black "Goater, Kevin P"]
[Result "1/2-1/2"]
[WhiteElo "1812"]
[BlackElo "2089"]
[PlyCount "25"]
[EventDate "2019.07.29"]
[EventType "swiss"]
[EventRounds "7"]
[EventCountry "GBR"]

1. c4 g6 2. Nf3 c5 3. d4 cxd4 4. Nxd4 Nc6 5. e4 Nf6 6. Nc3 Nxd4 7. Qxd4 Bg7 8.
e5 Ng8 9. Bf4 d6 10. O-O-O Nh6 11. Qd2 Ng4 12. exd6 e5 13. Re1 1/2-1/2

[Event "GBR-ch106 Senior Over 50"]
[Site "Torquay"]
[Date "2019.07.31"]
[Round "3.11"]
[White "Jackson, Sheila"]
[Black "Clark, Ian C"]
[Result "1/2-1/2"]
[WhiteElo "2063"]
[BlackElo "1965"]
[PlyCount "51"]
[EventDate "2019.07.29"]
[EventType "swiss"]
[EventRounds "7"]
[EventCountry "GBR"]

1. e4 c5 2. Nf3 d6 3. Bb5+ Bd7 4. Bxd7+ Qxd7 5. O-O Nc6 6. c3 Nf6 7. Re1 e6 8.
d4 cxd4 9. cxd4 Be7 10. Nc3 Rd8 11. d5 exd5 12. exd5 Ne5 13. Nxe5 dxe5 14. Rxe5
O-O 15. Bg5 h6 16. Bxf6 Bxf6 17. Rh5 g6 18. Rxh6 Bxc3 19. bxc3 Qxd5 20. Qxd5
Rxd5 21. Rh4 Rfd8 22. g3 Rd2 23. Ra4 a6 24. Rb4 R8d7 25. a4 Rc2 26. Ra3 1/2-1/2

[Event "GBR-ch106 Senior Over 50"]
[Site "Torquay"]
[Date "2019.07.31"]
[Round "3.12"]
[White "Simons, Martin J"]
[Black "Lowe, Chris"]
[Result "1/2-1/2"]
[WhiteElo "1950"]
[BlackElo "2027"]
[PlyCount "47"]
[EventDate "2019.07.29"]
[EventType "swiss"]
[EventRounds "7"]
[EventCountry "GBR"]

1. d4 Nf6 2. Nc3 d5 3. Bf4 g6 4. e3 Bg7 5. h4 h5 6. Be2 c5 7. Nb5 Na6 8. Nf3
Ne4 9. Ne5 Qa5+ 10. c3 c4 11. a4 Bxe5 12. Bxe5 f6 13. Bf4 Qb6 14. f3 Nd6 15.
Nxd6+ exd6 16. Qc2 Rg8 17. Kf2 Nc7 18. a5 Qc6 19. Qa4 Qxa4 20. Rxa4 Ke7 21. e4
Bd7 22. Raa1 Bc6 23. Rhe1 Kd7 24. Bd1 1/2-1/2

[Event "GBR-ch106 Senior Over 50"]
[Site "Torquay"]
[Date "2019.07.31"]
[Round "3.13"]
[White "Kenning, Paul H"]
[Black "Smith, Graham"]
[Result "1/2-1/2"]
[WhiteElo "1867"]
[BlackElo "2010"]
[PlyCount "35"]
[EventDate "2019.07.29"]
[EventType "swiss"]
[EventRounds "7"]
[EventCountry "GBR"]

1. e4 c5 2. Nf3 e6 3. b3 b6 4. Bd3 Bb7 5. O-O d6 6. Re1 Be7 7. Bb2 Nf6 8. e5
dxe5 9. Nxe5 O-O 10. a4 Nbd7 11. f4 Nxe5 12. fxe5 Qd5 13. Qe2 Ne8 14. Na3 g6
15. Nc4 Ng7 16. Ne3 Qc6 17. Bb5 Qe4 18. Bd3 1/2-1/2

[Event "GBR-ch106 Senior Over 50"]
[Site "Torquay"]
[Date "2019.07.31"]
[Round "3.14"]
[White "Dilleigh, Stephen P"]
[Black "Spanton, Tim R"]
[Result "1/2-1/2"]
[WhiteElo "2000"]
[BlackElo "1900"]
[PlyCount "83"]
[EventDate "2019.07.29"]
[EventType "swiss"]
[EventRounds "7"]
[EventCountry "GBR"]

1. Nf3 d5 2. d4 e6 3. c4 Nf6 4. Nc3 c5 5. cxd5 cxd4 6. Qxd4 Nxd5 7. e4 Nxc3 8.
Qxc3 Nc6 9. a3 Bd7 10. Be2 Rc8 11. O-O f6 12. Be3 Nb4 13. Qb3 Nc2 14. Rac1 Nxe3
15. Qxe3 Qb6 16. Rxc8+ Bxc8 17. Qxb6 axb6 18. Bb5+ Kf7 19. Rd1 Be7 20. Kf1 Rd8
21. Rxd8 Bxd8 22. Ke2 Bc7 23. Kd3 Ke7 24. h3 Kd6 25. b4 g6 26. e5+ Ke7 27. Ke4
f5+ 28. Kd4 h6 29. Nd2 g5 30. g4 Bd7 31. Bxd7 Kxd7 32. b5 Ke7 33. Nc4 f4 34. a4
Kd7 35. f3 Ke7 36. Nd2 Kd7 37. Ne4 Ke7 38. Nf6 Kf7 39. Ke4 Bd8 40. Nh5 Be7 41.
Kd3 Bd8 42. Ke4 1/2-1/2

[Event "GBR-ch106 Senior Over 50"]
[Site "Torquay"]
[Date "2019.07.31"]
[Round "3.15"]
[White "Norinkeviciute, Rasa"]
[Black "Ferrie, Peter L"]
[Result "1-0"]
[WhiteElo "1996"]
[BlackElo "1346"]
[PlyCount "43"]
[EventDate "2019.07.29"]
[EventType "swiss"]
[EventRounds "7"]
[EventCountry "GBR"]

1. c4 e5 2. g3 Nc6 3. Bg2 Bc5 4. a3 a5 5. Nc3 d6 6. e3 f5 7. d3 Nf6 8. Nge2 O-O
9. O-O Qe8 10. Nd5 Qh5 11. f4 Ng4 12. h3 Nf6 13. Nxc7 Rb8 14. Nc3 Qg6 15. Qe1
Ne7 16. Bd2 b6 17. Kh2 Bb7 18. N3d5 Nc6 19. b4 Nxd5 20. Nxd5 Kh8 21. bxc5 dxc5
22. Rb1 1-0

[Event "GBR-ch106 Senior Over 50"]
[Site "Torquay"]
[Date "2019.07.31"]
[Round "3.16"]
[White "Brusey, Alan W"]
[Black "Wheeler, James M"]
[Result "1/2-1/2"]
[WhiteElo "2054"]
[BlackElo "1870"]
[PlyCount "44"]
[EventDate "2019.07.29"]
[EventType "swiss"]
[EventRounds "7"]
[EventCountry "GBR"]

1. e4 d6 2. d4 Nf6 3. Nc3 Nbd7 4. Nf3 e5 5. Bc4 Be7 6. dxe5 Nxe5 7. Nxe5 dxe5
8. Qxd8+ Bxd8 9. O-O c6 10. a4 Bc7 11. f3 Nd7 12. Be3 Bb6 13. Bxb6 Nxb6 14. Bb3
Be6 15. Bxe6 fxe6 16. Rfd1 Rd8 17. a5 Nc8 18. Na4 b6 19. Rxd8+ Kxd8 20. axb6
axb6 21. Kf2 Kc7 22. Ke3 Nd6 1/2-1/2

[Event "GBR-ch106 Senior Over 50"]
[Site "Torquay"]
[Date "2019.07.31"]
[Round "3.17"]
[White "Gibbs, Dominic V"]
[Black "Wells, Jonathan C"]
[Result "0-1"]
[WhiteElo "1918"]
[BlackElo "2004"]
[PlyCount "120"]
[EventDate "2019.07.29"]
[EventType "swiss"]
[EventRounds "7"]
[EventCountry "GBR"]

1. e4 c5 2. c3 Nf6 3. e5 Nd5 4. Nf3 e6 5. Bc4 Nb6 6. Bb3 d6 7. exd6 Bxd6 8. O-O
O-O 9. d4 Nc6 10. Re1 Qc7 11. Qe2 Nd5 12. Na3 a6 13. Nc4 Be7 14. dxc5 Bxc5 15.
a4 b6 16. Bc2 Nf6 17. b4 Be7 18. Be3 Nd5 19. Qd3 g6 20. Bg5 Rd8 21. Bxe7 Qxe7
22. Qe4 Bb7 23. Qg4 Nxc3 24. Nxb6 Qxb4 25. Qxb4 Nxb4 26. Bb3 Rab8 27. a5 Bxf3
28. gxf3 Ncd5 29. Bxd5 Nxd5 30. Red1 Kg7 31. Ra3 Nb4 32. Rb1 Nc6 33. Rc1 Nxa5
34. Na4 Rb3 35. Rxb3 Nxb3 36. Rc6 Nd4 37. Rxa6 Nxf3+ 38. Kg2 Nh4+ 39. Kg3 Nf5+
40. Kg2 Rc8 41. Nb2 Rc3 42. Ra1 Nh4+ 43. Kg1 Kf6 44. Nd1 Rb3 45. Ne3 h5 46. h3
Nf5 47. Nxf5 Kxf5 48. Kg2 e5 49. Ra7 f6 50. Ra4 Kg5 51. Re4 Rd3 52. Ra4 Rd4 53.
Ra3 h4 54. Ra5 Kf5 55. Rb5 g5 56. Rb8 Kf4 57. Rh8 Rd2 58. Rh7 f5 59. Rh8 e4 60.
Re8 Re2 0-1

[Event "GBR-ch106 Senior Over 50"]
[Site "Torquay"]
[Date "2019.07.31"]
[Round "3.18"]
[White "Rowan, Paul"]
[Black "Nunn, Petra"]
[Result "0-1"]
[WhiteElo "1873"]
[BlackElo "1998"]
[PlyCount "118"]
[EventDate "2019.07.29"]
[EventType "swiss"]
[EventRounds "7"]
[EventCountry "GBR"]

1. e4 c5 2. Nf3 d6 3. Bb5+ Nd7 4. a4 a6 5. Bc4 e6 6. O-O Ngf6 7. Re1 Be7 8. d4
cxd4 9. Nxd4 Ne5 10. Bf1 Bd7 11. Nc3 Rc8 12. h3 O-O 13. f4 Nc6 14. Be3 Qc7 15.
Nb3 Na5 16. Nd2 Rfd8 17. Bd3 Be8 18. Qe2 d5 19. e5 d4 20. exf6 dxe3 21. Nde4
gxf6 22. Qg4+ Kh8 23. Qh4 f5 24. Nf6 Bxf6 25. Qxf6+ Kg8 26. Ne2 Nc6 27. Qg5+
Kh8 28. Ng3 Qe7 29. Qh6 f6 30. Rxe3 Qf7 31. Rae1 Bd7 32. Nh5 e5 33. Nxf6 e4 34.
Bc4 Qg6 35. Qxg6 hxg6 36. Nxd7 Rxd7 37. Be6 Rcd8 38. Bxd7 Rxd7 39. c3 Kg7 40.
g4 Ne7 41. gxf5 gxf5 42. Rg3+ Kf6 43. Kh2 Rd2+ 44. Rg2 Rd3 45. Reg1 Rf3 46. Rd1
Rxf4 47. Rd7 e3 48. Kg1 Rxa4 49. Rxb7 Ra1+ 50. Kh2 f4 51. Rb6+ Kf5 52. h4 f3
53. Rg5+ Ke4 54. Re6+ Kd3 55. Rxe7 f2 56. Rf5 f1=Q 57. Rxf1 Rxf1 58. Rd7+ Kc2
59. Kg2 e2 0-1

[Event "GBR-ch106 Senior Over 50"]
[Site "Torquay"]
[Date "2019.07.31"]
[Round "3.19"]
[White "Shaw, Meyrick"]
[Black "Kirby, Peter J"]
[Result "1/2-1/2"]
[WhiteElo "1869"]
[BlackElo "1988"]
[PlyCount "41"]
[EventDate "2019.07.29"]
[EventType "swiss"]
[EventRounds "7"]
[EventCountry "GBR"]

1. d4 Nf6 2. Bf4 g6 3. c3 Bg7 4. Nd2 d5 5. Ngf3 O-O 6. g3 Nbd7 7. Bg2 Nh5 8.
Be3 c6 9. Nb3 Re8 10. g4 Nhf6 11. h3 Ne4 12. Qc2 a5 13. Rd1 b5 14. Ne5 a4 15.
Nc1 Qc7 16. Nxd7 Bxd7 17. Nd3 Nd6 18. Bf4 Qc8 19. Nc5 Nb7 20. Nd3 Nd6 21. Nc5
1/2-1/2

[Event "GBR-ch106 Senior Over 50"]
[Site "Torquay"]
[Date "2019.07.31"]
[Round "3.20"]
[White "Clancy, Martin J"]
[Black "McMahon, Paul"]
[Result "0-1"]
[WhiteElo "1802"]
[BlackElo "1931"]
[PlyCount "46"]
[EventDate "2019.07.29"]
[EventType "swiss"]
[EventRounds "7"]
[EventCountry "GBR"]

1. e4 e5 2. Nf3 Nc6 3. Bb5 a6 4. Ba4 Nf6 5. O-O b5 6. Bb3 Be7 7. Bd5 Bb7 8. d3
d6 9. c3 O-O 10. Na3 Nxd5 11. exd5 Nb8 12. c4 c6 13. b3 b4 14. dxc6 Nxc6 15.
Nc2 f5 16. Ne3 Bf6 17. Bb2 Ne7 18. Qd2 f4 19. Ng4 Qd7 20. Nxf6+ Rxf6 21. Qe2
Rg6 22. Ne1 f3 23. Nxf3 Rxg2+ 0-1

[Event "GBR-ch106 Senior Over 50"]
[Site "Torquay"]
[Date "2019.08.01"]
[Round "4.1"]
[White "Josse, Mark"]
[Black "Granat, Russell G"]
[Result "1-0"]
[WhiteElo "2209"]
[BlackElo "2219"]
[PlyCount "49"]
[EventDate "2019.07.29"]
[EventType "swiss"]
[EventRounds "7"]
[EventCountry "GBR"]

1. d4 d5 2. c4 e6 3. Nc3 Nf6 4. cxd5 exd5 5. Bg5 Nbd7 6. e3 c6 7. Bd3 h6 8. Bh4
Be7 9. Qc2 O-O 10. Nge2 Re8 11. O-O Nf8 12. f3 c5 13. Rad1 c4 14. Bf5 Bxf5 15.
Qxf5 Qd7 16. Qc2 b5 17. a3 N8h7 18. Bxf6 Nxf6 19. e4 dxe4 20. fxe4 Bd8 21. Ng3
Ba5 22. Rxf6 Bxc3 23. Qxc3 gxf6 24. Nf5 Kh7 25. Qh3 1-0

[Event "GBR-ch106 Senior Over 50"]
[Site "Torquay"]
[Date "2019.08.01"]
[Round "4.2"]
[White "Chapman, Terry PD"]
[Black "Brooks, Phil J"]
[Result "1-0"]
[WhiteElo "2246"]
[BlackElo "2193"]
[PlyCount "137"]
[EventDate "2019.07.29"]
[EventType "swiss"]
[EventRounds "7"]
[EventCountry "GBR"]

1. Nf3 e6 2. c4 d5 3. d4 c6 4. g3 dxc4 5. Bg2 b5 6. O-O Bb7 7. b3 cxb3 8. Qxb3
Nd7 9. Nc3 Ngf6 10. Rd1 Be7 11. Ne5 Qc8 12. Ba3 c5 13. Bxb7 Qxb7 14. Qxb5 Qxb5
15. Nxb5 Rc8 16. Nxa7 Ra8 17. Nec6 Bd6 18. Nb5 O-O 19. Bxc5 Bxc5 20. dxc5 Nxc5
21. Nba7 Nd5 22. Rd4 Na6 23. e4 Ndb4 24. Rc4 Nxc6 25. Nxc6 Rfe8 26. a4 e5 27.
a5 f6 28. Nb4 Nxb4 29. Rxb4 Re6 30. Rb7 Kf8 31. Rd1 Re7 32. Rxe7 Kxe7 33. Rd5
Rb8 34. Kf1 Rb2 35. Ke1 Ra2 36. h4 h5 37. f3 Ra3 38. Kd2 Rxf3 39. Rd3 Rf2+ 40.
Kc3 Re2 41. Kb3 Rxe4 42. a6 Re1 43. Kb4 Rb1+ 44. Rb3 Rc1 45. a7 Rc8 46. Ka5 Ra8
47. Kb6 Kd6 48. Kb7 Rxa7+ 49. Kxa7 e4 50. Kb6 Kd5 51. Kc7 Kd4 52. Kd6 e3 53.
Ke6 e2 54. Rb1 Ke3 55. Kf7 g5 56. g4 hxg4 57. h5 Kf2 58. h6 e1=Q 59. Rxe1 Kxe1
60. h7 g3 61. h8=Q g2 62. Qh2 Kf1 63. Qh3 Kf2 64. Qf5+ Ke2 65. Qe4+ Kf2 66.
Qd4+ Kf1 67. Qxf6+ Kg1 68. Qxg5 Kh2 69. Qh4+ 1-0

[Event "GBR-ch106 Senior Over 50"]
[Site "Torquay"]
[Date "2019.08.01"]
[Round "4.3"]
[White "Townsend, M Paul"]
[Black "Freeman, Richard CP"]
[Result "1-0"]
[WhiteElo "2233"]
[BlackElo "2005"]
[PlyCount "111"]
[EventDate "2019.07.29"]
[EventType "swiss"]
[EventRounds "7"]
[EventCountry "GBR"]

1. d4 g6 2. c4 Bg7 3. e4 d6 4. Nc3 f5 5. Nf3 Nh6 6. h4 c5 7. h5 Nc6 8. d5 Nd4
9. Nxd4 cxd4 10. Bxh6 Bxh6 11. Qxd4 Kf7 12. exf5 Bxf5 13. g4 Bd7 14. hxg6+ hxg6
15. Rh3 Qg8 16. Rf3+ Ke8 17. Rd1 Qg7 18. Qe4 Qe5 19. Qxe5 dxe5 20. Rg3 Bf4 21.
Rg1 Rh4 22. Be2 Kf7 23. Ne4 Rah8 24. Bf3 Bh2 25. Rg2 Bf4 26. Ke2 Rc8 27. b3 g5
28. Rgg1 Kg7 29. a4 Rh6 30. Rh1 Rb6 31. Rd3 Rb4 32. Kd1 Rxb3 33. Rxb3 Bxa4 34.
Kc2 Rxc4+ 35. Kb2 Bxb3 36. Kxb3 Rd4 37. Rd1 Rxd1 38. Bxd1 Kf7 39. Kc4 Ke8 40.
Ba4+ Kd8 41. d6 exd6 42. Kd5 a6 43. Kxd6 b5 44. Bc2 a5 45. Bd3 b4 46. Bc2 Bh2
47. Ba4 Kc8 48. Kc6 Kd8 49. Nxg5 Ke7 50. Ne4 Kf7 51. Kb5 Kg6 52. Kxa5 Bg1 53.
Kxb4 Bh2 54. Kc4 Bf4 55. Be8+ Kg7 56. Kd5 1-0

[Event "GBR-ch106 Senior Over 50"]
[Site "Torquay"]
[Date "2019.08.01"]
[Round "4.4"]
[White "Norinkeviciute, Rasa"]
[Black "Jackson, Oliver A"]
[Result "0-1"]
[WhiteElo "1996"]
[BlackElo "2151"]
[PlyCount "44"]
[EventDate "2019.07.29"]
[EventType "swiss"]
[EventRounds "7"]
[EventCountry "GBR"]

1. c4 e5 2. g3 Nc6 3. Bg2 f5 4. Nc3 Nf6 5. d3 Bb4 6. Bd2 d6 7. a3 Bxc3 8. Bxc3
f4 9. gxf4 O-O 10. Nf3 Qe8 11. e4 exf4 12. Qc2 Bg4 13. h3 Bh5 14. Nd4 Qg6 15.
Bf1 Nxd4 16. Bxd4 Bf3 17. Be2 Bxh1 18. O-O-O f3 19. Rxh1 fxe2 20. Be3 Qg2 21.
Re1 Qxh3 22. Rxe2 Ng4 0-1

[Event "GBR-ch106 Senior Over 50"]
[Site "Torquay"]
[Date "2019.08.01"]
[Round "4.5"]
[White "Gostelow, David W"]
[Black "Headlong, Timothy"]
[Result "1/2-1/2"]
[WhiteElo "1906"]
[BlackElo "2109"]
[PlyCount "33"]
[EventDate "2019.07.29"]
[EventType "swiss"]
[EventRounds "7"]
[EventCountry "GBR"]

1. d4 d5 2. Bf4 Nf6 3. e3 c5 4. c3 cxd4 5. exd4 Nc6 6. Bd3 Bg4 7. Qb3 Qc8 8. h3
Bh5 9. Nd2 e6 10. Ngf3 a6 11. O-O Be7 12. Rfe1 Bg6 13. Bxg6 hxg6 14. a4 O-O 15.
Ne5 Nxe5 16. Bxe5 Qc6 17. a5 1/2-1/2

[Event "GBR-ch106 Senior Over 50"]
[Site "Torquay"]
[Date "2019.08.01"]
[Round "4.6"]
[White "Wilson, Edgar"]
[Black "Homer, Stephen J"]
[Result "1-0"]
[WhiteElo "1755"]
[BlackElo "2017"]
[PlyCount "125"]
[EventDate "2019.07.29"]
[EventType "swiss"]
[EventRounds "7"]
[EventCountry "GBR"]

1. e4 c5 2. Nf3 d6 3. d4 cxd4 4. Nxd4 Nf6 5. Nc3 a6 6. Be2 e5 7. Nb3 Be7 8. O-O
O-O 9. Be3 Be6 10. f3 Nbd7 11. Kh1 Rc8 12. Qd2 Nb6 13. Rfd1 Qc7 14. Rac1 Rfd8
15. Bd3 d5 16. Bxb6 Qxb6 17. exd5 Bxd5 18. Qe2 Be6 19. Qxe5 Bd6 20. Qd4 Qc7 21.
Qh4 Bf4 22. Rb1 h6 23. Ne4 Nd5 24. Nd4 Bd7 25. Re1 Be5 26. Ne2 Be6 27. Qf2 Nb4
28. Red1 Nxd3 29. cxd3 Bxa2 30. Rbc1 Qe7 31. d4 Bb8 32. Rc3 Rxc3 33. N2xc3 Bb3
34. Re1 Qc7 35. Qh4 b5 36. g3 b4 37. Nf6+ Kh8 38. Nce4 Bd5 39. Nxd5 Rxd5 40.
Nf6 Rd8 41. Nd5 Qd6 42. Nxb4 g5 43. Qh5 Qf6 44. Nc6 Rc8 45. d5 Bd6 46. Qg4 Kg7
47. Nd4 Rd8 48. Qe4 Bc5 49. Nf5+ Kh8 50. Rc1 Bf8 51. b3 Ba3 52. Rc6 Qa1+ 53.
Kg2 Bf8 54. Nxh6 Qb2+ 55. Kh3 Qg7 56. Nf5 Qh7+ 57. Kg2 Rb8 58. Qe5+ Kg8 59.
Qxb8 Qxf5 60. Rc8 Kg7 61. Qc7 Bb4 62. Qc4 Bd6 63. Rc6 1-0

[Event "GBR-ch106 Senior Over 50"]
[Site "Torquay"]
[Date "2019.08.01"]
[Round "4.7"]
[White "Hansen, Hans-Peter"]
[Black "Dilleigh, Stephen P"]
[Result "1/2-1/2"]
[WhiteElo "2170"]
[BlackElo "2000"]
[PlyCount "55"]
[EventDate "2019.07.29"]
[EventType "swiss"]
[EventRounds "7"]
[EventCountry "GBR"]

1. c4 e6 2. Nf3 d5 3. g3 dxc4 4. Qa4+ Nd7 5. Bg2 Ngf6 6. O-O a6 7. Qxc4 b5 8.
Qb3 Bb7 9. Nc3 c5 10. d3 Be7 11. a4 b4 12. Nb1 O-O 13. Nbd2 a5 14. Nc4 Nb6 15.
Nxb6 Qxb6 16. Bg5 h6 17. Bxf6 Bxf6 18. Nd2 Bxg2 19. Kxg2 Qc6+ 20. Kg1 Qd5 21.
Rab1 Qh5 22. Rfe1 Rfd8 23. Kg2 Bd4 24. Nf3 Bf6 25. Rec1 Rac8 26. Qc4 Qd5 27. b3
Bc3 28. Rd1 1/2-1/2

[Event "GBR-ch106 Senior Over 50"]
[Site "Torquay"]
[Date "2019.08.01"]
[Round "4.8"]
[White "Willmoth, Robert F"]
[Black "Nunn, Petra"]
[Result "1-0"]
[WhiteElo "2138"]
[BlackElo "1998"]
[PlyCount "57"]
[EventDate "2019.07.29"]
[EventType "swiss"]
[EventRounds "7"]
[EventCountry "GBR"]

1. d4 d5 2. c4 e6 3. Nf3 Nf6 4. g3 Bb4+ 5. Bd2 Bd6 6. Bg2 O-O 7. Nc3 dxc4 8. e4
Be7 9. Qa4 a6 10. e5 Nd5 11. Qxc4 b5 12. Qe2 Bb7 13. Ne4 Nd7 14. Rc1 b4 15. O-O
a5 16. Rfd1 Ba6 17. Qe1 Qb8 18. Bg5 Bxg5 19. Nexg5 h6 20. Qe4 N7f6 21. Qh4 Nd7
22. Qe4 N7f6 23. Qb1 hxg5 24. Nxg5 g6 25. exf6 Qd8 26. Nxe6 Qxf6 27. Nxf8 Rd8
28. Rc5 Bb7 29. Nxg6 1-0

[Event "GBR-ch106 Senior Over 50"]
[Site "Torquay"]
[Date "2019.08.01"]
[Round "4.9"]
[White "Goater, Kevin P"]
[Black "Clark, Ian C"]
[Result "1/2-1/2"]
[WhiteElo "2089"]
[BlackElo "1965"]
[PlyCount "66"]
[EventDate "2019.07.29"]
[EventType "swiss"]
[EventRounds "7"]
[EventCountry "GBR"]

1. d4 Nf6 2. Nc3 d6 3. Nf3 g6 4. e4 Bg7 5. h3 c6 6. Bd3 O-O 7. O-O a6 8. a4 Re8
9. Be3 e6 10. Qd2 Nbd7 11. Ne2 c5 12. c3 Qc7 13. Ng3 b6 14. Bh6 Bb7 15. Nh2
Rac8 16. Bxg7 Kxg7 17. f4 cxd4 18. cxd4 b5 19. e5 dxe5 20. fxe5 Ng8 21. axb5
axb5 22. Bxb5 Rf8 23. Rac1 Qd8 24. Rxc8 Qxc8 25. Bxd7 Qxd7 26. Ng4 Rc8 27. Nf6
Nxf6 28. exf6+ Kh8 29. Ne2 Ba6 30. Rf2 Bxe2 31. Rxe2 Ra8 32. b4 Ra1+ 33. Kf2
Ra8 1/2-1/2

[Event "GBR-ch106 Senior Over 50"]
[Site "Torquay"]
[Date "2019.08.01"]
[Round "4.10"]
[White "Mason, Donald J"]
[Black "Simons, Martin J"]
[Result "1/2-1/2"]
[WhiteElo "2079"]
[BlackElo "1950"]
[PlyCount "53"]
[EventDate "2019.07.29"]
[EventType "swiss"]
[EventRounds "7"]
[EventCountry "GBR"]

1. e4 d5 2. exd5 Qxd5 3. Nc3 Qd6 4. d4 Nf6 5. Nf3 a6 6. g3 b5 7. Bg2 Bb7 8. O-O
e6 9. Bf4 Qd8 10. Ne5 Bxg2 11. Kxg2 b4 12. Qf3 Nbd7 13. Nxd7 Kxd7 14. Na4 Ra7
15. c4 bxc3 16. bxc3 Qa8 17. Qxa8 Rxa8 18. Rab1 Bd6 19. Bxd6 Kxd6 20. Nc5 Rhb8
21. c4 Kc6 22. Nd3 Nd7 23. Nb4+ Kb7 24. c5 c6 25. d5 exd5 26. Nxd5+ Kc8 27. Nb4
1/2-1/2

[Event "GBR-ch106 Senior Over 50"]
[Site "Torquay"]
[Date "2019.08.01"]
[Round "4.11"]
[White "McMahon, Paul"]
[Black "Jackson, Sheila"]
[Result "1/2-1/2"]
[WhiteElo "1931"]
[BlackElo "2063"]
[PlyCount "54"]
[EventDate "2019.07.29"]
[EventType "swiss"]
[EventRounds "7"]
[EventCountry "GBR"]

1. e4 e5 2. Nf3 Nc6 3. Bb5 a6 4. Ba4 Nf6 5. O-O Be7 6. Re1 b5 7. Bb3 d6 8. c3
O-O 9. h3 Bb7 10. d4 h6 11. Nbd2 Re8 12. Nf1 Bf8 13. Ng3 Na5 14. Bc2 g6 15. a4
Nc4 16. Qd3 exd4 17. cxd4 d5 18. e5 Ne4 19. Nxe4 dxe4 20. Rxe4 Bxe4 21. Qxe4
Bg7 22. b3 Nb6 23. Ba3 Nd5 24. Bc5 c6 25. Re1 Rb8 26. g3 Re6 27. Kg2 f5 1/2-1/2

[Event "GBR-ch106 Senior Over 50"]
[Site "Torquay"]
[Date "2019.08.01"]
[Round "4.12"]
[White "Orgler, Philipp"]
[Black "Fallowfield, Nicholas"]
[Result "1-0"]
[WhiteElo "2035"]
[BlackElo "1872"]
[PlyCount "87"]
[EventDate "2019.07.29"]
[EventType "swiss"]
[EventRounds "7"]
[EventCountry "GBR"]

1. d4 d5 2. Nc3 Nf6 3. Bf4 c6 4. e3 Bg4 5. f3 Bh5 6. g4 Bg6 7. h4 h5 8. g5 Ng8
9. Bd3 Bxd3 10. Qxd3 g6 11. O-O-O e6 12. Be5 Rh7 13. e4 Bd6 14. Nge2 Bxe5 15.
dxe5 Nd7 16. f4 Nc5 17. Qh3 Ne7 18. Nd4 Qc8 19. Rhe1 Nxe4 20. Nxe4 dxe4 21.
Rxe4 Kf8 22. Nb3 c5 23. Nd2 Kg7 24. Re2 Rh8 25. Ne4 Qc6 26. Nd6 Nf5 27. Nxf5+
gxf5 28. Qg3 Rad8 29. Red2 Rxd2 30. Rxd2 Rc8 31. g6 fxg6 32. Qg5 Rf8 33. Rg2
Qe8 34. Qxh5 Rh8 35. Qg5 Qf7 36. h5 Rh6 37. b3 b5 38. Kb2 b4 39. Rh2 Qf8 40.
Rd2 Rxh5 41. Rd7+ Kh8 42. Qxg6 Rh6 43. Qg5 c4 44. bxc4 1-0

[Event "GBR-ch106 Senior Over 50"]
[Site "Torquay"]
[Date "2019.08.01"]
[Round "4.13"]
[White "Lowe, Chris"]
[Black "Kenning, Paul H"]
[Result "1/2-1/2"]
[WhiteElo "2027"]
[BlackElo "1867"]
[PlyCount "50"]
[EventDate "2019.07.29"]
[EventType "swiss"]
[EventRounds "7"]
[EventCountry "GBR"]

1. e4 d6 2. d4 Nf6 3. Nc3 Nbd7 4. Nf3 e5 5. Bc4 Be7 6. O-O c6 7. a4 a5 8. dxe5
dxe5 9. Qe2 Qc7 10. Ng5 O-O 11. Bxf7+ Rxf7 12. Qc4 Nf8 13. Qxf7+ Kh8 14. Qc4 h6
15. Nf3 Be6 16. Qe2 Ng6 17. Be3 Rf8 18. h3 Nh5 19. Nh4 Ngf4 20. Ng6+ Nxg6 21.
Qxh5 Nf4 22. Bxf4 exf4 23. Rad1 f3 24. gxf3 Rf4 25. Qg6 Bxh3 1/2-1/2

[Event "GBR-ch106 Senior Over 50"]
[Site "Torquay"]
[Date "2019.08.01"]
[Round "4.14"]
[White "Smith, Graham"]
[Black "Wheeler, James M"]
[Result "1/2-1/2"]
[WhiteElo "2010"]
[BlackElo "1870"]
[PlyCount "81"]
[EventDate "2019.07.29"]
[EventType "swiss"]
[EventRounds "7"]
[EventCountry "GBR"]

1. d4 d6 2. Nf3 Bg4 3. e4 c6 4. Nc3 Nd7 5. h3 Bh5 6. Qe2 e6 7. g4 Bg6 8. h4 h5
9. g5 c5 10. d5 e5 11. Bh3 a6 12. a4 Qc7 13. Nd2 Rb8 14. a5 Be7 15. Nc4 Kf8 16.
f4 exf4 17. Bxf4 Re8 18. O-O Ne5 19. Bxe5 dxe5 20. d6 Bxd6 21. Rad1 Be7 22. Rd7
Qb8 23. Qh2 Bd8 24. Nd5 f6 25. Qg3 Bf7 26. gxf6 gxf6 27. Nd6 Re7 28. Nxf6 Nxf6
29. Nxf7 Rxd7 30. Nxh8 Rg7 31. Ng6+ Kg8 32. Qb3+ Kh7 33. Bf5 Rxg6+ 34. Kh1 Kg7
35. Bxg6 Kxg6 36. Rg1+ Ng4 37. Qg8+ Kh6 38. Qf8+ Kg6 39. Qf5+ Kh6 40. Qf8+ Kg6
41. Qf5+ 1/2-1/2

[Event "GBR-ch106 Senior Over 50"]
[Site "Torquay"]
[Date "2019.08.01"]
[Round "4.15"]
[White "Wells, Jonathan C"]
[Black "Gibbs, Daniel C"]
[Result "1/2-1/2"]
[WhiteElo "2004"]
[BlackElo "1812"]
[PlyCount "37"]
[EventDate "2019.07.29"]
[EventType "swiss"]
[EventRounds "7"]
[EventCountry "GBR"]

1. d4 d6 2. Nf3 Nf6 3. g3 Nbd7 4. c4 e5 5. Nc3 Be7 6. Bg2 O-O 7. O-O c6 8. e4
a6 9. d5 cxd5 10. cxd5 b5 11. b4 Nb6 12. Nd2 Bd7 13. Re1 Rc8 14. Qb3 Rc7 15.
Nd1 Ng4 16. f3 Nh6 17. Ne3 Bg5 18. Ndf1 f5 19. Bd2 1/2-1/2

[Event "GBR-ch106 Senior Over 50"]
[Site "Torquay"]
[Date "2019.08.01"]
[Round "4.16"]
[White "Spanton, Tim R"]
[Black "Webster, Richard J"]
[Result "1/2-1/2"]
[WhiteElo "1900"]
[BlackElo "1967"]
[PlyCount "100"]
[EventDate "2019.07.29"]
[EventType "swiss"]
[EventRounds "7"]
[EventCountry "GBR"]

1. e4 e5 2. Nf3 Nc6 3. Bb5 a6 4. Bxc6 dxc6 5. d4 exd4 6. Qxd4 Qxd4 7. Nxd4 Bd7
8. Be3 O-O-O 9. Nc3 Bb4 10. Nde2 Re8 11. O-O-O Ne7 12. a3 Bd6 13. Na4 Ng6 14.
Nec3 Be5 15. Nc5 Bg4 16. f3 Bxc3 17. bxc3 Be6 18. Rd4 a5 19. Rhd1 b6 20. Nxe6
Rxe6 21. Kb2 c5 22. Rd5 Rhe8 23. Kb3 Re5 24. c4 f5 25. Bg5 fxe4 26. Rd8+ Rxd8
27. Rxd8+ Kb7 28. f4 Rf5 29. g4 Rf7 30. f5 Ne5 31. h3 h5 32. Bf4 Nc6 33. Re8
hxg4 34. hxg4 g6 35. fxg6 Rxf4 36. g7 Rxg4 37. g8=Q Rxg8 38. Rxg8 Nd4+ 39. Kb2
Nf5 40. Re8 Nd6 41. Re6 Nxc4+ 42. Kb3 Nd6 43. c4 a4+ 44. Kxa4 Nxc4 45. Kb3 Nd6
46. a4 Kc6 47. Re5 Kd7 48. Kc3 Kc6 49. Kb3 b5 50. axb5+ Kxb5 1/2-1/2

[Event "GBR-ch106 Senior Over 50"]
[Site "Torquay"]
[Date "2019.08.01"]
[Round "4.17"]
[White "Ferrie, Peter L"]
[Black "Brusey, Alan W"]
[Result "0-1"]
[WhiteElo "1346"]
[BlackElo "2054"]
[PlyCount "42"]
[EventDate "2019.07.29"]
[EventType "swiss"]
[EventRounds "7"]
[EventCountry "GBR"]

1. d4 d5 2. Nf3 Nc6 3. e3 Bg4 4. c4 e5 5. dxe5 d4 6. h3 Bxf3 7. gxf3 Bb4+ 8.
Ke2 dxe3 9. Qxd8+ Rxd8 10. fxe3 Nxe5 11. Bd2 Bxd2 12. Nxd2 Nf6 13. Bg2 Nh5 14.
Rhb1 Ng3+ 15. Ke1 Nd3+ 16. Kd1 O-O 17. a3 Rfe8 18. e4 Nf4 19. Kc2 Nxg2 20. Rg1
Ne3+ 21. Kc3 Ne2+ 0-1